000 00684nam a2200193 a 4500
001 000017219
005 20200929165043.0
008 100319s1982 dr a 000 0 spa d
020 _a3806804265
040 _aDO-SdBNP
_bspa
_cBNPHU
082 _axxx
_bH366b
100 1 _aHattig, Fritz
_937863
245 1 0 _aBalonmano :
_btécnica, táctica, reglas /
_cFritz Hattig, Peter Hattig; traducción Mercedes Edo.
260 _aSanto Domingo :
_bSEDEFIR
_bFederacion Internacional de Balonmano,
_c1982.
300 _a124 p. :
_bil. ;
_c21 cm.
700 1 _aEdo, Mercedes
_etrad.
_937864
710 2 _aSecretaría de Estado de Deportes, Educación Física y Recreación
_936895
049 _aBNPD
999 _c16744
_d16744